Gaming Quiz

Random Gaming Quiz

Weapons In Mafia Rush Quiz Stats

 Plays Quiz not verified by Sporcle

Support Sporcle.
Go Orange.
Score 0/9 Timer 02:00
0 Plays Today
Weapons % Correct
GunTommy Gun
83.3%
GunShotgun
58.3%
GunMagnum
50%
GunRocket Launcher
50%
ExplosiveDynamite
50%
ExplosiveMines
41.7%
ExplosiveGrenade
41.7%
TurretSentry Gun
41.7%
GunFlamethrower
33.3%

You're not logged in!

Compare scores with friends on all Sporcle quizzes.
OR
Log In

From the Vault

Billy Joel Songs

by mgroth

'I'd rather laugh with the sinners than cry with the saints. The sinners are much more fun.'
Remove Ads.
Support Sporcle.
Get the best of Sporcle when you Go Orange. This ad-free experience offers more features, more stats, and more fun while also helping to support Sporcle. Thank you for becoming a member.

Show Comments

Extras

Created Mar 9, 2012ReportNominate
Tags:mafia, rush, Weapons

Top Quizzes Today


Score Distribution

Your Account Isn't Verified!

In order to create a playlist on Sporcle, you need to verify the email address you used during registration. Go to your Sporcle Settings to finish the process.

Report this User

Report this user for behavior that violates our Community Guidelines.

Details: